000 00336nam a22001337a 4500
020 _a0-8104-0964-X
082 _a621.38174 SIK'D
100 _aSIKONOWIZ, WALBERT
_974228
245 _aDESIGNING AND CREATING PRINTED CIRCUITS
260 _aNEWJERSCY
_bHAYDEN
_c1981
300 _a164P
650 _aPRINTED CIRCUIT
_974229
942 _cBK
999 _c579791
_d579791